Normal view
MARC view
Entry Personal Name
001 - CONTROL NUMBER
- control field: 526447
003 - CONTROL NUMBER IDENTIFIER
- control field: OSt
005 - DATE AND TIME OF LATEST TRANSACTION
- control field: 20220930065848.0
008 - FIXED-LENGTH DATA ELEMENTS
- fixed length control field: 220930|| aca||aabn | a|a d
040 ## - CATALOGING SOURCE
- Original cataloging agency: OSt
- Transcribing agency: OSt
100 ## - HEADING--PERSONAL NAME
- Personal name: Pandey Daya
670 ## - SOURCE DATA FOUND
- Source citation: Work cat.: (OSt)860108: Pandey Daya, Sex-role orientation and its effect on susceptibility to learned helplessness in college girls- An empirical study, 1986
